Представление документа в формате MARC21

Поле Инд. ПП Название Значение
Тип записи a
Библиографический уровень m
001 Контрольный номер 58e32973ef8b49268d0dda0cd51eb0dc
005 Дата корректировки 20230822093333.6
040 b Код языка каталог. rus
041 0_ a Код языка текста rus
080 a Индекс УДК 004(075.8)
084 a Индекс другой классификации/Индекс ББК 32.973я73
090 x Авторский знак Б73
097 b Оператор 02
100 1_ a Автор Богданова С. В.
245 10 a Заглавие Информационные технологии
b Продолж. заглавия учебное пособие
h Физич. носитель только электронный вариант
250 a Основные сведения об издании 2-е изд., испр.
260 a Место издания Ставрополь
b Издательство Сервисшкола
c Дата издания 2014
300 a Объем 211 с.
510 0_ a Примечание о ссылках Книги и методические пособия
650 04 a Основная рубрика 20.01 Общие вопросы информатики
x Основная подрубрика 20.01.04 Информатизация общества. Информационная политика
x Основная подрубрика 20.01.33 Терминология информатики. Справочная литература. Учебная литература
653 0_ a Ключевые слова информационные технологии
700 12 a Другие авторы Ерамкова А. Н.
901 t Тип документа m